000 00693nam a2200205Ii 4500
003 JO-AjNU
008 230605s9999||||xx |||||||||||||| ||und||
017 _a2003/2/267
040 _aJO-AjNU
_bara
_erda
_cJO-AjNU
041 _aara
050 1 4 _aQC21.2.A2862 2003
100 3 _aابو خرمة ، محمودحسن/ م مشارك توفيق حمدان المشاقبة ,
_eauthor
_98678
245 0 0 _aالفيزياء العامة العملية، ج1
264 3 1 _aالكرك,دار رند للنشر ، 2003
300 _aج1: 127ص
336 _atext
_btxt
_2rdacontent
337 _aunmediated
_bn
_2rdamedia
338 _avolume
_bnc
_2rdacarrier
650 4 _aالفيزياء
_98679
999 _aA911
_c4479
_d4479